000 00314nam a22001337a 4500
020 _a978-81-318-0163-5
082 _a510
_bBAN/C
100 _aR.K.BANSAL
245 _aCOMPREHENSIVE MATHEMATICS
_bCLASS IX
260 _aDELHI
_bLAXMI PUBLICATIONS
300 _a622
650 _aMATHS FOR CLASS IX
_zINDIA
942 _cBK
999 _c900
_d900